000 00360nam a2200133Ia 4500
008 220204s9999 xx 000 0 und d
082 _a028.2875
_bSOR
100 _aCampbell, Tod W
245 0 _aPreparative methods of polymer chemistry
260 _aNew York
_bInterscience
_c1961
650 _aPolymer chemistry
700 _aSorenson, Wayne R
942 _cBK
999 _c19700
_d19700